| 000 | 00659nam a22001937a 4500 | ||
|---|---|---|---|
| 005 | 20161124154013.0 | ||
| 010 | _aENG-116638 | ||
| 020 |
_a9780415597425 _c1895.00 |
||
| 035 | _aEN-100170 | ||
| 037 | _bDBAD/PUB | ||
| 082 | _a327.54 | ||
| 100 | _aRay, Jayanta Kumar | ||
| 245 |
_aIndia's foreign relations, 1947-2007 : _bvarious issues and case studies / _cby Sangeeta Dodrajka |
||
| 260 |
_aNew Delhi _bRoutledge _c2011 |
||
| 270 |
_a912 Tolstoy House,15-17 Tolstoy House,Connaught Place _bNew Delhi _e110001 |
||
| 300 |
_axiii,813p. _c22cm(Hb) |
||
| 500 | _aIncludes bibliographical references index | ||
| 942 |
_2ddc _cEN _h327.54 _mRAY |
||
| 999 |
_c104751 _d104751 |
||